000 00760nam a22002177a 4500
999 _c12277
_d12277
003 AR-CdUCM
008 190408b ||||| |||| 00| 0 spa d
040 _aMUNICIPALIDAD PROVINCIAL DEL CUSCO
_cBIBLIOTECA MUNICIPAL DEL CUSCO
082 _a869.50 /
_bB171 / 1944
100 _aBalarezo Pinillos, Ezequiel
_930046
245 _aAntología peruana :
_bSelecciones de escritores peruanos :
_cCrónicas /
260 _aLima :
_c1944.
300 _a32 páginas ;
_c20 cm.
505 _aContenido: Selecciones de escritores peruanos antiguos y modernos.
650 _aEscritores peruanos
_9979
650 _aSelección poemas
_930047
650 _aLiteratura peruana
_9169
700 _aGaston, Roger
_930048
942 _2ddc
_cLIBROS
945 _adavv
_d08/04/2019